| 000 | 01146nam a22001817a 4500 | ||
|---|---|---|---|
| 999 |
_c26195 _d26195 |
||
| 003 | BDDh-ASL | ||
| 005 | 20231015030619.0 | ||
| 008 | 211004s2003 b ||||| |||| 00| 0 b d | ||
| 040 | _cBDDh-ASL | ||
| 082 |
_a928 _bSUS |
||
| 245 | 0 | 0 |
_aসুশিক্ষাবর্ষ স্মারকগ্রন্থ ২০০৩ / _cমনসুর মুসা ও অন্যান্য (সম্পা.) |
| 246 | _aSushiksmabarsha Smarakgrantha 2003 | ||
| 260 |
_aঢাকা: _bবাংলা একাডেমি, _c২০০৩। |
||
| 300 |
_a৩২৮ পৃষ্ঠা, : _c২২ সে. মি. _bছবি; |
||
| 650 | 0 |
_aCommemoration Volume (স্মারকগ্রন্থ), Memoirs, স্মারকগ্রন্থ, Smārakagrantha, Souvenir, স্মরণিক, স্মারকগ্রন্থ, স্মৃতিকথা, Smr̥tikathā, Memoirs, Reminiscences, স্মরণিকা, Smaraṇikā, Souvenir, স্যুভেনির, অভিজ্ঞান, Syubhēnira, so͞ovəˈnir, memorial, souvenir, remembrancer _94668 |
|
| 700 | 1 |
_9307 _aমুসা, মনসুর |
|
| 942 |
_2ddc _cBK |
||